Normal view
MARC view
- Dawes C & Thomas B
Entry Personal Name
001 - CONTROL NUMBER
- control field: 111796
003 - CONTROL NUMBER IDENTIFIER
- control field: OSt
005 - DATE AND TIME OF LATEST TRANSACTION
- control field: 20230125044119.0
008 - FIXED-LENGTH DATA ELEMENTS
- fixed length control field: 230125|| aca||aabn | a|a d
040 ## - CATALOGING SOURCE
- Original cataloging agency: OSt
- Transcribing agency: OSt
100 ## - HEADING--PERSONAL NAME
- Personal name: Dawes C & Thomas B
670 ## - SOURCE DATA FOUND
- Source citation: Work cat.: (OSt)88714: Dawes C 111795, OCA/OCP introduction to Oracle 9i SQL, 2002